000 00559nam a2200181 u 4500
005 20210223133446.0
008 171110s2007 mx 000 0 spa d
020 _a9789703706457
035 _aUPN01000221586
049 _aI
050 4 _aQL467.2
_bG8.3
100 1 _aGunson, Dave,
_d1948-
_941998
245 1 0 _aEn el jardín /
_c[texto] e il. por Dave Gunson ; tr. María del Pilar Carril.
260 _aMéxico :
_bDestino,
_cc2007.
300 _a16 p. :
_bprincipalmente il. col.
650 4 _aINSECTOS -
_vLITERATURA INFANTIL
_911048
905 _aInfantil
999 _c193683
_d193683